000 00965nam a22002777a 4500
003 DO-SdBNP
005 20180130154342.0
008 161020b 1999 sp a ||||| |||| 00| 0 spa d
020 _a8422681579
040 _aBPMSU
_bspa
_cBPMSU
041 _aspa
_hale
082 4 _axxxx
_bxxxx
100 1 _aBrezina, Thomas,
_d1963-
240 1 0 _aGrusein auf dem Stundenplan.
_lEspañol
245 1 0 _aTerror en la clase /
_cThomas Brezina ; ilustraciones de Bernhard Förth ; traducción del alemán, José Antonio Santiago-Tagle.
260 _aBarcelona,
_bCírculo de Lectores
_c1999.
300 _a124 p. :
_bil. ;
_c20 cm.
490 0 _aTodos mis monstruos.
500 _aTraducción de: Grusein auf dem Stundenplan
700 1 _aFörth, Bernhard,
_eil.
700 1 _aSantiago-Tagle, José Antonio,
_etr.
830 0 _aTodos mis monstruos.
942 _2ddc
_cBK
945 _aInventariado, 2018/ YL
956 _2LOPEREZ
_310
_620161021
_8BPMSU
_a00041
999 _c11647
_d11647